Statistieken voor Europese landen die eindigen op IE

Klik hier om de quiz te nemen!

Algemene statistieken

  • Deze quiz is 53 keer genomen
  • De gemiddelde score is 9 van 10

Antwoordstatistieken

Antwoord% Correct
Belgie
96%
Italie
93%
Tsjechie
93%
Kroatie
89%
Slovenie
89%
Albanie
85%
Roemenie
85%
Servie
85%
Moldavie
78%
Noord Macedonie
74%

Scoreverdeling

Percentiel versus Aantal Correcte Antwoorden

Procent van Mensen met Elke Score

Uw Scoregeschiedenis

U heeft deze quiz nog niet genomen